Ян Гус (Запись № 6000060)

Подробности
000 -МАРКЕР
контрольное поле 02294nam0a22003251 4500
001 - ИДЕНТИФИКАТОР ЗАПИСИ
контрольное поле v19\rc\1988320
005 - ИДЕНТИФИКАТОР ВЕРСИИ
контрольное поле 20260405141536.0
035 ## - ДРУГИЕ СИСТЕМНЫЕ НОМЕРА
Идентификатор записи (NLR Aleph) 005271070
100 ## - ДАННЫЕ ОБЩЕЙ ОБРАБОТКИ
Данные общей обработки 20080811d1915 |||y0rusy50 ca
101 0# - ЯЗЫК РЕСУРСА
Язык текста, звукозаписи и т.д. русский
102 ## - СТРАНА ПУБЛИКАЦИИ ИЛИ ПРОИЗВОДСТВА
Страна публикации российская федерация
105 ## - ПОЛЕ КОДИРОВАННЫХ ДАННЫХ: ТЕКСТОВЫЕ МАТЕРИАЛЫ, МОНОГРАФИЧЕСКИЕ
Кодированные данные о монографическом текстовом документе a z |||||
200 1# - ЗАГЛАВИЕ И СВЕДЕНИЯ ОБ ОТВЕТСТВЕННОСТИ
Основное заглавие Ян Гус
Сведения, относящиеся к заглавию (Великий подвижник чеш. народа)
-- К 500-летию сожжения его на костре/ (1415-1915 гг.)
Первые сведения об ответственности В.Е. Романовский
210 ## - ПУБЛИКАЦИЯ, РАСПРОСТРАНЕНИЕ И ДР.
Место издания, распространения и т.д. Москва
Имя издателя, распространителя и т. д. А.С. Панафидина
Дата издания, распространения и т.д. 1915
215 ## - ФИЗИЧЕСКАЯ ХАРАКТЕРИСТИКА
Специфическое обозначение материала и объем 88 с.
Другие сведения о физической характеристике ил.
Размеры 21
320 ## - ПРИМЕЧАНИЯ О НАЛИЧИИ В ДОКУМЕНТЕ БИБЛИОГРАФИИ / УКАЗАТЕЛЯ
Текст примечания Библиогр. в предисл.
327 1# - ПРИМЕЧАНИЯ О СОДЕРЖАНИИ
Текст примечания Содерж.: Краткий очерк истории чешского народа до Яна Гуса; Ян Гус; Дальнейшая история чешского народа и современное положение Чехии. Приложения: 1. Отзывы Лютера о Гусе. 2. Стихотворение А. Майкова "Приговор"
464 #0 - АНАЛИТИЧЕСКИЙ УРОВЕНЬ
Встроенное поле 2001#$aКраткий очерк истории чешского народа до Яна Гуса$aЯн Гус$aДальнейшая история чешского народа и современное положение Чехии
Заглавие Дальнейшая история чешского народа и современное положение Чехии
464 #0 - АНАЛИТИЧЕСКИЙ УРОВЕНЬ
Встроенное поле 2001#$aОтзывы Лютера о Гусе
-- 700#1$3RU\NLR\AUTH\773602$7ca$aЛютер$bМ.$f1483-1546$gМартин
Заглавие Отзывы Лютера о Гусе
Автор Лютер, Мартин (1483-1546)
464 #0 - АНАЛИТИЧЕСКИЙ УРОВЕНЬ
Встроенное поле 2001#$aПриговор$eСтихотворение А. Майкова
-- 700#1$3RU\NLR\AUTH\7723198$7ca$aМайков$bА. Н.$f1821-1897$gАполлон Николаевич
Заглавие Приговор
Автор Майков, Аполлон Николаевич (1821-1897)
700 #1 - ИМЯ ЛИЦА - ПЕРВИЧНАЯ ОТВЕТСТВЕННОСТЬ
Начальный элемент ввода Романовский
Часть имени, кроме начального элемента ввода В.Е.
Расширение инициалов личного имени Василий Евграфович
702 #1 - ИМЯ ЛИЦА - ВТОРИЧНАЯ ОТВЕТСТВЕННОСТЬ
Код отношения Прочие
Материалы, к которым относится поле rus
Графика поля Кириллица
Начальный элемент ввода Гус
Часть имени, кроме начального элемента ввода Я.
Даты 1369-1415
Расширение инициалов личного имени Ян
Идентификатор авторитетной/нормативной записи RU\NLR\AUTH\7757598
Системный номер авторитетной/нормативной записи 40530
801 #0 - ИСТОЧНИК ЗАПИСИ
Страна российская федерация
Организация NLR
Дата составления 20080811
Правила каталогизации psbo
801 #0 - ИСТОЧНИК ЗАПИСИ
Страна российская федерация
Организация RuMoRGB
Дата составления 20080811
Источник данных psbo
801 #1 - ИСТОЧНИК ЗАПИСИ
Страна российская федерация
Организация ProSoft-M
Дата составления 20080811
Источник данных rusmarc
801 #2 - ИСТОЧНИК ЗАПИСИ
Страна российская федерация
Организация NLR
Дата составления 20120227
Источник данных rusmarc
852 ## - МЕСТОНАХОЖДЕНИЕ И ШИФР ХРАНЕНИЯ
Идентификатор организации NLR
Шифр хранения (Call Number) 37.58.6.301
942 ## - ДОПОЛНИТЕЛЬНЫЕ ЭЛЕМЕНТЫ ЗАПИСИ (АБИС)
Тип экземпляра АБИС Книга
980 ## - КОЛЛЕКЦИЯ
Название коллекции Национальная библиография
Экземпляры
Тип экземпляра Дата поступления Библиотека постоянного хранения Библиотека текущего хранения Место хранения Шифр хранения Штрих-код Статус не для выдачи
Книга 26.10.2013 РНБ (Садовая) РНБ (Садовая) Русский книжный фонд -Главное здание, Ленинский читальный зал 37.58.6.301 1-4035396